[Event "29th CRO-chT Junior 2020"]
[Site "Cakovec"]
[Date "2020.07.17"]
[Round "8.19"]
[White "Borzan, Matej"]
[Black "Baric, Marko"]
[Result "0-1"]
[WhiteElo "1746"]
[BlackElo "1831"]
[Annotator "NA"]
[PlyCount "118"]
[EventDate "2020.07.14"]
[EventType "team-tourn"]
[EventCountry "CRO"]
[SourceTitle "playchess.com"]
[Source "ChessBase"]
[SourceQuality "1"]
[TimeControl "5400+30"]

1. d4 {[%emt 0:00:30]} Nf6 {[%emt 0:02:30]} 2. c4 {[%emt 0:00:00]} e6 {[%emt 0:00:00]} 3. Nc3 {[%emt 0:00:00]} Bb4 {[%emt 0:00:00]} 4. Qc2 {[%emt 0:00:00]} d5 {[%emt 0:00:30]} 5. e3 {[%emt 0:00:00]} c5 {[%emt 0:02:30]} 6. a3 {[%emt 0:00:30] E34: Nimzo-Indian: Classical: 4...d5.} Bxc3+ {[%emt 0:01:30]} 7. bxc3 {[%emt 0:00:00]} dxc4 {[%emt 0:02:30]} 8. Bxc4 {[%emt 0:00:00]} Nbd7 {[%emt 0:00:30]} 9. Nf3 {[%emt 0:01:30]} Qa5 {[%emt 0:05:30]} 10. Bd2 {[%emt 0:00:30] [#]} O-O $146 {[%emt 0:00:30]} ({Predecessor:} 10... b5 11. Be2 c4 12. O-O Bb7 13. a4 Nb6 14. axb5 Qxb5 15. Ne5 O-O 16. Rfb1 Qd5 {1-0 (49) Hamedi Nia,V (1914)-Hakimifard,R (2111) Teheran 2017}) 11. O-O {[%emt 0:02:30]} Nb6 {[%emt 0:10:30]} 12. Be2 {[%emt 0:03:30]} c4 {[%emt 0:08:30]} 13. Ne5 {[%emt 0:03:30]} Bd7 {[%emt 0:12:30]} 14. Nxc4 {[%emt 0:02:30]} Nxc4 {[%emt 0:00:30]} 15. Bxc4 {[%emt 0:00:00]} Rac8 {[%emt 0:00:30]} 16. Bd3 {[%emt 0:01:00]} Ba4 {[%emt 0:02:30]} 17. Qb2 {[%emt 0:00:30]} Bc6 {[%emt 0:02:30]} 18. Rfc1 {[%emt 0:04:30]} Rfd8 {[%emt 0:00:30]} 19. f3 {[%emt 0:09:30]} Qh5 {[%emt 0:03:30]} 20. e4 {[%emt 0:05:30]} Nd7 {[%emt 0:11:30]} 21. c4 {[%emt 0:04:30]} Nc5 {[%emt 0:01:30]} 22. Bc2 {[%emt 0:04:30]} e5 {[%emt 0:10:30]} 23. d5 {[%emt 0:03:30]} Bd7 {[%emt 0:00:51]} 24. Be3 {[%emt 0:00:30]} b6 {[%emt 0:00:10]} 25. Bd1 {[%emt 0:00:30]} Nd3 {[%emt 0:02:10]} 26. Qc3 {[%emt 0:00:30]} Nxc1 {[%emt 0:00:00]} 27. Rxc1 {[%emt 0:00:30]} Re8 {[%emt 0:03:30]} 28. a4 {[%emt 0:02:30]} Qg6 {[%emt 0:00:35]} 29. Qb4 {[%emt 0:00:00]} f5 {[%emt 0:03:09]} 30. Bc2 {[%emt 0:02:00]} fxe4 {[%emt 0:02:00]} 31. fxe4 {[%emt 0:00:00]} Bh3 {[%emt 0:01:32]} 32. g3 {[%emt 0:01:00]} Qg4 {[%emt 0:00:44]} 33. Bd3 {[%emt 0:00:30]} Rf8 {[%emt 0:03:23]} 34. Qd2 {[%emt 0:01:30]} Rf7 {[%emt 0:01:10]} 35. c5 {[%emt 0:00:30] [#]} bxc5 $1 {[%emt 0:00:51]} 36. d6 {[%emt 0:00:30]} Kh8 {[%emt 0:02:02]} 37. Bb5 $2 {[%emt 0:01:30]} (37. Bxc5 $17 h6 38. Qe1) 37... Qxe4 {[%emt 0:03:40]} 38. d7 {[%emt 0:01:30] [#]} Bxd7 $1 {[%emt 0:01:18]} 39. Bxd7 {[%emt 0:00:00]} Rxd7 {[%emt 0:00:07]} 40. Qxd7 {[%emt 0:00:00]} Qxe3+ {[%emt 0:00:13]} 41. Kg2 {[%emt 0:00:30]} Rf8 {[%emt 0:00:05]} 42. Qe7 {[%emt 0:02:30]} Qf3+ {[%emt 0:02:06]} 43. Kh3 {[%emt 0:00:30]} Qf5+ {[%emt 0:00:20]} 44. Kg2 {[%emt 0:00:00]} h6 {[%emt 0:00:24]} 45. Qxc5 {[%emt 0:00:00]} Rd8 {[%emt 0:00:35]} 46. Rf1 {[%emt 0:00:30]} Qe4+ {[%emt 0:00:28]} 47. Kh3 {[%emt 0:01:30]} a6 {[%emt 0:00:23]} 48. Qf2 {[%emt 0:00:30]} ({White should play} 48. Rf8+ $15 Rxf8 49. Qxf8+ Kh7 50. Qf1) 48... Qxa4 {[%emt 0:00:28]} 49. Qe2 {[%emt 0:00:30]} Qd7+ {[%emt 0:00:17]} 50. Kg2 {[%emt 0:00:30]} Qd5+ {[%emt 0:00:20]} 51. Kh3 {[%emt 0:00:30]} a5 {[%emt 0:00:09]} 52. Rf5 {[%emt 0:01:30]} Re8 {[%emt 0:00:17]} 53. Qh5 {[%emt 0:00:30]} Qe6 {[%emt 0:00:18]} 54. g4 $2 {[%emt 0:01:30]} (54. Qg4) 54... Kh7 {[%emt 0:00:58]} (54... e4 $142 55. Rf1 e3) 55. Rf7 {[%emt 0:00:30]} (55. Qf7 $142) 55... e4 {[%emt 0:01:04]} 56. Ra7 {[%emt 0:01:30]} e3 {[%emt 0:00:39]} 57. Qxa5 {[%emt 0:01:30]} e2 {[%emt 0:00:21]} 58. Qc7 {[%emt 0:02:30]} Qe3+ {[%emt 0:00:22]} 59. Kg2 {[%emt 0:00:30]} Qxa7 {[%emt 0:00:20]} 0-1

[Event "29th CRO-chT Junior 2020"]
[Site "Cakovec"]
[Date "2020.07.17"]
[Round "8.20"]
[White "Cecic-Sule, Dino"]
[Black "Dankos, Mislav"]
[Result "1-0"]
[WhiteElo "1695"]
[BlackElo "1274"]
[Annotator "NA RC"]
[PlyCount "69"]
[EventDate "2020.07.14"]
[EventType "team-tourn"]
[EventCountry "CRO"]
[SourceTitle "playchess.com"]
[Source "ChessBase"]
[SourceQuality "1"]
[TimeControl "5400+30"]

1. d4 {[%emt 0:02:30]} d5 {[%emt 0:00:30]} 2. Nf3 {[%emt 0:00:00]} Nf6 {[%emt 0:00:30]} 3. Bf4 {[%emt 0:00:00]} Bf5 {[%emt 0:01:30]} 4. e3 {[%emt 0:00:00]} Nc6 {[%emt 0:02:30]} 5. c3 {[%emt 0:00:00]} Nh5 {[%emt 0:01:30]} 6. Qb3 {[%emt 0:04:30]} Rb8 {[%emt 0:02:30]} 7. Nbd2 {[%emt 0:01:30]} Nxf4 {[%emt 0:02:30]} 8. exf4 {[%emt 0:00:30]} f6 {[%emt 0:01:30]} 9. Nh4 {[%emt 0:03:30]} Be6 {[%emt 0:01:30]} 10. g3 {[%emt 0:01:30]} Bf7 {[%emt 0:01:30]} 11. Nf5 {[%emt 0:00:30]} e6 {[%emt 0:03:30]} 12. Ne3 {[%emt 0:00:30]} e5 {[%emt 0:07:30]} 13. fxe5 {[%emt 0:01:30]} fxe5 {[%emt 0:00:30]} 14. dxe5 {[%emt 0:02:30]} Nxe5 {[%emt 0:00:00]} 15. Qa4+ {[%emt 0:02:30]} Nc6 {[%emt 0:04:00]} 16. Bg2 {[%emt 0:02:30]} Qd7 {[%emt 0:04:30]} 17. O-O {[%emt 0:02:30]} b5 {[%emt 0:11:30]} 18. Qd1 {[%emt 0:03:30]} Bc5 {[%emt 0:01:30]} 19. Re1 {[%emt 0:01:30]} O-O {[%emt 0:01:30]} 20. Nb3 {[%emt 0:00:00]} Bxe3 {[%emt 0:00:30]} 21. Rxe3 {[%emt 0:00:00]} Ne7 {[%emt 0:02:30]} 22. Qd2 {[%emt 0:09:30]} Ng6 {[%emt 0:07:30]} 23. Rae1 {[%emt 0:01:30]} Qd6 {[%emt 0:01:30]} 24. Qd4 {[%emt 0:03:30]} c6 {[%emt 0:08:30]} 25. f4 {[%emt 0:06:30]} a5 {[%emt 0:09:30]} 26. f5 {[%emt 0:01:30]} Nh8 {[%emt 0:00:30]} 27. Nc5 {[%emt 0:00:30]} Rfe8 {[%emt 0:03:56]} 28. Ne6 {[%emt 0:11:30]} Bxe6 {[%emt 0:00:12]} 29. Rxe6 {[%emt 0:00:00]} Qd7 {[%emt 0:00:57]} 30. Qe5 {[%emt 0:03:00]} Kf8 {[%emt 0:02:56]} 31. f6 {[%emt 0:07:30]} Kf7 {[%emt 0:06:49]} 32. Qh5+ {[%emt 0:02:30]} Ng6 {[%emt 0:00:34]} 33. Re7+ {[%emt 0:00:30]} Kxf6 {[%emt 0:02:04]} 34. Rxd7 {[%emt 0:00:30]} Rxe1+ {[%emt 0:00:16]} 35. Kf2 {[%emt 0:00:30]} 1-0

[Event "29th CRO-chT Junior 2020"]
[Site "Cakovec"]
[Date "2020.07.18"]
[Round "9.1"]
[White "Karlusic, Luka"]
[Black "Topalic, Fran"]
[Result "1-0"]
[WhiteElo "2169"]
[BlackElo "1741"]
[Annotator "TA"]
[PlyCount "119"]
[EventDate "2020.07.14"]
[EventType "team-tourn"]
[EventCountry "CRO"]
[SourceTitle "playchess.com"]
[Source "ChessBase"]
[SourceQuality "1"]

{[%evp 16,119,35,20,65,3,0,0,14,0,9,-69,-70,-110,117,126,166,158,148,158,150,127,130,127,126,102,146,137,139,139,132,131,148,154,168,147,147,143,171,182,177,168,191,179,209,209,195,210,208,191,288,255,298,291,293,288,280,264,483,183,188,186,184,189,227,210,212,210,222,215,222,237,233,236,241,238,279,261,268,261,257,250,266,255,251,195,251,251,270,231,285,292,685,656,566,566,2418,1859,1063,563,562,562,548,515,460,445]} 1. d4 d5 2. c4 c6 3. Nf3 Nf6 4. Nc3 e6 5. e3 Be7 6. Qc2 O-O 7. Bd3 Nbd7 8. O-O dxc4 9. Bxc4 b5 {[%cal Bb7b5,Bb5b4][%mdl 32] D46: Semi-Slav: 5 e3 Nbd7 6 Bd3, Black avoids the Meran.} 10. Be2 (10. Bd3 $14) 10... Bb7 $11 11. Rd1 Rc8 {The position is equal.} 12. a3 a5 {[#]} 13. Rb1 $146 (13. b3 $11) ({Predecessor:} 13. Bd2 Qb6 14. Rac1 {½-½ (14) Kiss,P (2335)-Vichnar,D (2329) Prague 2015}) 13... b4 $15 14. Na4 Nb6 $2 (14... c5 $17 {keeps the pressure on.} 15. dxc5 Be4) 15. Nc5 $36 {[%mdl 2048] White is really pushing.} Qc7 16. axb4 axb4 17. Bd2 Bxc5 18. Qxc5 Ne4 19. Qxb4 Nd5 20. Qa4 Ra8 21. Qc2 Nxd2 22. Qxd2 Ba6 23. Rdc1 Rfc8 24. Ne5 Qd6 25. Bxa6 Rxa6 26. Rc5 f6 27. Nd3 Rca8 28. Rbc1 Ra1 29. Qd1 Rxc1 30. Qxc1 ({Don't do} 30. Rxc1 Rb8) 30... Ra6 31. g3 h6 32. Qc4 Ra1+ (32... Nc7 {was called for.} 33. b3 Qd7) 33. Kg2 $18 Nb6 34. Qc2 {[#] Black must now prevent Nf4.} Nd7 35. Rxc6 Qd5+ 36. f3 e5 $2 (36... f5 37. Rc7 Kh7) 37. Qc4 $2 (37. Rc8+ Nf8 38. dxe5 fxe5 39. e4) 37... Qxc4 38. Rxc4 {[%mdl 4096] Endgame KRN-KRN} Rd1 39. Nf2 Re1 40. dxe5 {Strongly threatening e6.} Nxe5 41. Rc3 Re2 {[#]} 42. b3 $1 Rb2 43. h3 Nd7 44. f4 f5 45. Kf3 Nb6 46. Rd3 Kf7 47. e4 fxe4+ 48. Nxe4 Ke7 49. Nc5 Rc2 50. Na4 Nd7 (50... Nxa4 {might work better.} 51. bxa4 Ra2) 51. b4 g5 52. Rb3 Nf6 53. b5 Rh2 $2 (53... gxf4 54. b6 fxg3) 54. fxg5 {White is clearly winning.} hxg5 55. b6 Rxh3 56. b7 Nd7 57. b8=Q Nxb8 58. Rxb8 Rh1 59. Nc3 Ra1 60. Ne4 {Accuracy: White = 77%, Black = 57%.} 1-0

[Event "29th CRO-chT Junior 2020"]
[Site "Cakovec"]
[Date "2020.07.18"]
[Round "9.2"]
[White "Matota, Dominik"]
[Black "Cigrovski, Jakov"]
[Result "0-1"]
[WhiteElo "1807"]
[BlackElo "2010"]
[Annotator "TA"]
[PlyCount "77"]
[EventDate "2020.07.14"]
[EventType "team-tourn"]
[EventCountry "CRO"]
[SourceTitle "playchess.com"]
[Source "ChessBase"]
[SourceQuality "1"]

{[%evp 15,77,0,28,-5,24,16,33,-43,-33,-108,-93,-141,-152,-155,-154,-125,-72,-85,-81,-81,-87,-83,-69,-129,-112,-141,-125,-133,-115,-109,-105,-137,-125,-214,-148,-165,0,0,0,0,0,8,0,-47,22,27,25,-99,-104,-364,-33,-32,-16,-91,-100,-138,-129,-175,-173,-194,-162,-700,-699,-658]} 1. e4 c5 2. Nf3 d6 3. d4 cxd4 4. Nxd4 Nf6 5. Nc3 a6 6. Be2 e6 7. Bg5 Nbd7 8. Qd2 Be7 9. f3 {B95: Sicilian Najdorf: 6 Bg5 e6, unusual White 7th moves.} O-O (9... h6 $5 {[%cal Rh6g5]} 10. Be3 Qc7 $11) 10. O-O-O Qc7 11. Nb3 (11. g4 $14) 11... b5 {[#]} 12. h4 $146 (12. a3 $15) ({Predecessor:} 12. Bf4 Ne5 13. Qd4 Bd7 14. g4 Bc6 15. h4 Rfb8 16. h5 b4 17. Nb1 a5 18. g5 {0-1 (30) Rubertus,W-Bennedik,M (2035) Bruchkoebel 1993}) 12... b4 $1 $17 {[%cal Rb4c3]} 13. Nb1 a5 14. Nd4 Ba6 15. g4 Ne5 (15... Rfc8 $142 16. Rhe1 Bc4) 16. Bxf6 Bxf6 17. g5 Be7 $1 18. Bxa6 Rxa6 {[%cal Ba8a6,Ba6b6,Bb6c6][%mdl 32]} 19. Qe2 ({White should play} 19. f4 $15 Nd7 20. Qe2) 19... Rb6 $1 20. f4 Nc6 21. f5 Nxd4 22. Rxd4 Rc6 23. Rg1 Rc8 {[%cal Rc6c2]} 24. Rd2 (24. Rg2 $17) 24... a4 25. f6 b3 $2 (25... Bf8 $19 26. a3 d5 $1 {[%mdl 512]} 27. exd5 exd5) 26. axb3 $11 Bf8 27. bxa4 Qa7 28. Rg3 Qxa4 29. h5 (29. Ra3 $5 {[%cal Ra3a4]} Qb4 30. fxg7 Bxg7 31. c3 $11) 29... gxf6 (29... Rc5 $15 30. Na3 Rc4 {[%mdl 64] Back Rank}) 30. gxf6+ Kh8 {Threatens to win with ...Bh6!} 31. Ra3 (31. Na3 $1 $11 Bh6 32. Kb1) 31... Qb4 $17 32. Qe3 $2 {[%mdl 8192] [#]} (32. c3 $17) 32... Qb5 $2 $40 {[%mdl 128] Black is up to no good.} (32... Bh6 $1 $19 {[%mdl 512] ( -> ...Rxc2+!)} 33. Qd3 (33. Qxh6 Rxc2+) 33... Rb6) 33. Nc3 $15 Qxh5 {And now ...Bh6! would win.} 34. Qe2 (34. Kb1 $11) 34... Qg6 {Strongly threatening ...Bh6.} 35. Rd3 Qxf6 36. Rh3 Bg7 37. Kb1 Rb8 38. Nd1 $2 (38. Rf3 Qg6 39. Nb5) 38... Rxb2+ $1 $19 39. Kc1 {Accuracy: White = 36%, Black = 69%.} 0-1

[Event "29th CRO-chT Junior 2020"]
[Site "Cakovec"]
[Date "2020.07.18"]
[Round "9.3"]
[White "Mahecic, Lovre"]
[Black "Borzan, Matej"]
[Result "1-0"]
[WhiteElo "1949"]
[BlackElo "1746"]
[Annotator "TA"]
[PlyCount "69"]
[EventDate "2020.07.14"]
[EventType "team-tourn"]
[EventCountry "CRO"]
[SourceTitle "playchess.com"]
[Source "ChessBase"]
[SourceQuality "1"]

{[%evp 10,69,11,16,46,37,57,56,49,26,60,56,53,53,51,51,58,30,80,75,55,66,72,79,127,136,133,137,131,110,179,178,180,173,210,199,193,147,138,132,173,139,211,143,133,164,181,175,236,208,303,245,447,437,504,494,1256,928,812,455,29991,29992]} 1. c4 e5 2. Nc3 f5 3. g3 Nf6 4. Bg2 Nc6 5. d3 Bb4 6. Bd2 Bxc3 {A25: English Opening vs King's Indian with ...Nc6 but without early d3.} 7. Bxc3 d6 8. e3 O-O {White is slightly better.} 9. Ne2 Bd7 10. O-O {[#]} Qe7 $146 ({Predecessor:} 10... Qe8 11. b4 Nd8 12. b5 e4 13. Bxf6 Rxf6 14. dxe4 fxe4 15. Qd5+ Kh8 16. Qxe4 Qf7 {1-0 (41) Ehlert,H (1975)-Kewe,S (1917) Verden 2015}) 11. Qc2 Rad8 12. b4 e4 13. Nf4 exd3 14. Qxd3 Ne5 15. Bxe5 dxe5 16. Nd5 $36 {[%mdl 2048] Black is under strong pressure.} Qd6 17. c5 Qe6 18. Nxc7 Qf7 {[#] ...Be6 is the strong threat.} 19. Nd5 Be6 (19... Ne4 $16 {might work better.}) 20. Nxf6+ $18 Qxf6 21. Qc3 Bd5 22. Bxd5+ Rxd5 23. Qc4 Qf7 24. Rad1 Rfd8 25. Rxd5 Rxd5 {[%mdl 4096] Endgame KQR-KQR} (25... Qxd5 $16 26. Rc1 Qxc4 27. Rxc4 Kf7) 26. c6 bxc6 27. Qxc6 {[#] Black must now prevent Qa8+.} Rd8 28. a4 g6 (28... h5 $142 29. b5 Kh7) 29. Rc1 Qe7 (29... f4 {was necessary.} 30. Qe4 Rf8) 30. Qc5 Qb7 $2 (30... Kf7 {was called for.} 31. Qc4+ Kg7) 31. Qxe5 Qxb4 32. Rc7 {[%csl Gc7][%cal Re5g7]} Qf8 (32... Rd1+ $142 33. Kg2 Qe4+ 34. Qxe4 fxe4 35. Rxa7 Ra1) 33. Qe6+ Kh8 34. Rxa7 Re8 (34... Qd6 $18 35. Qf7 Qd1+ 36. Kg2 Qd5+ 37. Qxd5 Rxd5) 35. Qd7 {Accuracy: White = 58%, Black = 32%.} 1-0

[Event "29th CRO-chT Junior 2020"]
[Site "Cakovec"]
[Date "2020.07.18"]
[Round "9.4"]
[White "Dankos, Mislav"]
[Black "Novosel, Lovro"]
[Result "0-1"]
[WhiteElo "1274"]
[BlackElo "1719"]
[Annotator "NA RC"]
[PlyCount "75"]
[EventDate "2020.07.14"]
[EventType "team-tourn"]
[EventCountry "CRO"]
[SourceTitle "playchess.com"]
[Source "ChessBase"]
[SourceQuality "1"]
[TimeControl "5400+30"]

1. d4 {[%emt 0:00:30]} Nf6 {[%emt 0:00:30]} 2. Nf3 {[%emt 0:00:00]} g6 {[%emt 0:00:30]} 3. Bf4 {[%emt 0:01:00]} Bg7 {[%emt 0:00:30]} 4. e3 {[%emt 0:00:30]} O-O {[%emt 0:01:30]} 5. Bd3 {[%emt 0:01:30]} d6 {[%emt 0:01:30]} 6. h3 {[%emt 0:01:30]} c5 {[%emt 0:00:30]} 7. c3 {[%emt 0:00:30]} b6 {[%emt 0:00:30]} 8. O-O {[%emt 0:02:30]} Bb7 {[%emt 0:04:30]} 9. Nbd2 {[%emt 0:03:30]} Nbd7 {[%emt 0:02:30]} 10. Rc1 {[%emt 0:01:30]} Re8 {[%emt 0:13:30]} 11. Bh2 {[%emt 0:10:30]} e5 {[%emt 0:02:30]} 12. dxe5 {[%emt 0:00:30]} dxe5 {[%emt 0:00:30]} 13. e4 {[%emt 0:00:30]} Nh5 {[%emt 0:01:30]} 14. Nc4 {[%emt 0:02:30]} Qc7 {[%emt 0:03:30]} 15. Qc2 {[%emt 0:06:30]} b5 {[%emt 0:02:30]} 16. Ne3 {[%emt 0:06:30]} c4 {[%emt 0:00:30]} 17. Be2 {[%emt 0:00:30]} Nf4 {[%emt 0:00:30]} 18. Bxf4 {[%emt 0:06:30]} exf4 {[%emt 0:00:30]} 19. Nd5 {[%emt 0:00:00]} Bxd5 {[%emt 0:02:30]} 20. exd5 {[%emt 0:01:00]} Nb6 {[%emt 0:00:30]} 21. Rfd1 {[%emt 0:02:30]} Rad8 {[%emt 0:00:30]} 22. Nd4 {[%emt 0:00:30]} Bxd4 {[%emt 0:00:30]} 23. Rxd4 {[%emt 0:00:00]} Rxd5 {[%emt 0:00:30]} 24. Rcd1 {[%emt 0:00:00]} Qe5 {[%emt 0:00:30]} 25. Bf3 {[%emt 0:01:30]} Rxd4 {[%emt 0:00:30]} 26. Rxd4 {[%emt 0:00:00]} Qf6 {[%emt 0:05:30]} 27. Qd2 {[%emt 0:02:00]} Re6 {[%emt 0:09:30]} 28. Rxf4 {[%emt 0:01:30]} Qe7 {[%emt 0:00:00]} 29. g3 {[%emt 0:04:30]} Na4 {[%emt 0:00:00]} 30. Rd4 {[%emt 0:03:30]} Nc5 {[%emt 0:02:30]} 31. Rd8+ {[%emt 0:09:30]} Kg7 {[%emt 0:00:00]} 32. Qd4+ {[%emt 0:00:00]} Qf6 {[%emt 0:02:00]} 33. Qxf6+ {[%emt 0:02:00]} Rxf6 {[%emt 0:00:00]} 34. Rd5 {[%emt 0:00:30]} Nd3 {[%emt 0:00:00]} 35. Kg2 {[%emt 0:01:30]} Ne1+ {[%emt 0:00:30]} 36. Kg1 {[%emt 0:00:30]} Nd3 {[%emt 0:00:30]} 37. Be4 {[%emt 0:00:30]} Nxf2 {[%emt 0:00:30]} 38. Bf3 {[%emt 0:00:30]} 0-1

[Event "29th CRO-chT Junior 2020"]
[Site "Cakovec"]
[Date "2020.07.18"]
[Round "9.5"]
[White "Levacic, Matej"]
[Black "Damjanovic, Stjepan"]
[Result "1-0"]
[WhiteElo "2040"]
[BlackElo "1867"]
[Annotator "NA"]
[PlyCount "105"]
[EventDate "2020.07.14"]
[EventType "team-tourn"]
[EventCountry "CRO"]
[SourceTitle "playchess.com"]
[Source "ChessBase"]
[SourceQuality "1"]
[TimeControl "5400+30"]

1. d4 {[%emt 0:00:30]} Nf6 {[%emt 0:00:30]} 2. c4 {[%emt 0:00:30]} e6 {[%emt 0:00:00]} 3. Nf3 {[%emt 0:00:00]} c5 {[%emt 0:01:00]} 4. d5 {[%emt 0:00:00]} d6 {[%emt 0:00:30]} 5. Nc3 {[%emt 0:00:30]} e5 {[%emt 0:01:30]} 6. e4 {[%emt 0:05:30]} Be7 {[%emt 0:01:30]} 7. g3 {[%emt 0:05:30]} O-O {[%emt 0:02:30]} 8. Bg2 {[%emt 0:00:30]} Ne8 {[%emt 0:02:30] E10: Blumenfeld Gambit.} 9. O-O {[%emt 0:00:30]} f5 {[%emt 0:00:30] [#]} 10. Ne1 $146 {[%emt 0:03:30]} ({Predecessor:} 10. exf5 Bxf5 11. Be3 Qd7 12. Nd2 Na6 13. a3 Nec7 14. Nde4 b5 15. b3 bxc4 16. bxc4 {1-0 (43) Almeida Quintana,O (2593)-Medina Colindres,J (2226) Mexico City 2010}) 10... f4 {[%emt 0:06:30]} 11. gxf4 {[%emt 0:02:30]} exf4 {[%emt 0:00:30]} 12. Nd3 {[%emt 0:00:30]} Bg5 {[%emt 0:01:30]} (12... g5 $14) 13. e5 {[%emt 0:02:30]} dxe5 {[%emt 0:01:30]} 14. Nxe5 {[%emt 0:02:30]} Qf6 {[%emt 0:00:30]} 15. Re1 {[%emt 0:10:30]} Nd6 {[%emt 0:01:30]} 16. Nf3 {[%emt 0:13:30]} Bg4 {[%emt 0:07:30]} 17. Ne4 {[%emt 0:01:30]} (17. h3 $14 Bxf3 18. Bxf3 (18. Qxf3 Nxc4 19. Ne4 Qe5 $16)) 17... Nxe4 {[%emt 0:00:30]} 18. Rxe4 {[%emt 0:00:30]} Nd7 {[%emt 0:01:30]} 19. Qb3 {[%emt 0:08:30]} Qg6 {[%emt 0:26:30]} 20. Re1 {[%emt 0:02:30]} Bh6 {[%emt 0:06:30]} 21. h3 {[%emt 0:07:30]} Bh5 {[%emt 0:00:30]} 22. Re6 {[%emt 0:01:30]} Rf6 {[%emt 0:13:30]} 23. Re7 {[%emt 0:03:30]} Rb6 {[%emt 0:06:44]} 24. Qc3 {[%emt 0:03:30]} Nf6 {[%emt 0:02:42]} 25. Ne5 {[%emt 0:06:30]} Qf5 {[%emt 0:01:00]} ({Black should play} 25... Qg5 $11 26. Nf3 Nxd5 {[%mdl 64] Double Attack} 27. Nxg5 Nxc3) 26. Qd3 {[%emt 0:00:33]} Qg5 {[%emt 0:02:42]} 27. Nf3 $1 {[%emt 0:00:37]} Bxf3 $1 {[%emt 0:00:56]} 28. Qxf3 {[%emt 0:00:07]} Rf8 {[%emt 0:02:06]} 29. b3 {[%emt 0:02:16]} (29. Bd2 $14) 29... Ng4 $11 {[%emt 0:01:30]} 30. Re6 {[%emt 0:07:37]} Ne5 {[%emt 0:07:10]} 31. Qe4 {[%emt 0:00:51]} Rxe6 {[%emt 0:00:46]} 32. dxe6 {[%emt 0:00:07]} Re8 {[%emt 0:00:40]} 33. h4 {[%emt 0:02:50]} Qh5 {[%emt 0:00:31]} 34. Bxf4 {[%emt 0:01:08]} Rxe6 {[%emt 0:00:34]} 35. Qd5 {[%emt 0:01:18]} Qf5 {[%emt 0:00:24]} 36. Bxh6 {[%emt 0:01:45]} gxh6 {[%emt 0:00:15]} 37. Qxe6+ {[%emt 0:00:34]} Qxe6 {[%emt 0:00:11]} 38. Bd5 {[%emt 0:00:03]} Nf3+ {[%emt 0:00:10]} 39. Kh1 {[%emt 0:00:30]} Qxd5 {[%emt 0:00:04]} 40. cxd5 {[%emt 0:00:02]} Kf7 {[%emt 0:00:10]} 41. h5 {[%emt 0:01:26]} Ke7 {[%emt 0:00:09]} 42. Kg2 {[%emt 0:00:14]} Nd4 {[%emt 0:00:23]} 43. Re1+ {[%emt 0:00:43]} Kd6 {[%emt 0:00:03]} 44. Re8 {[%emt 0:00:40]} Kxd5 {[%emt 0:00:06]} 45. Re7 {[%emt 0:00:19]} Ne6 {[%emt 0:00:26]} 46. Rxb7 {[%emt 0:01:09]} Nf4+ {[%emt 0:00:03]} 47. Kf3 {[%emt 0:00:07]} Nxh5 {[%emt 0:00:05]} 48. Rxa7 {[%emt 0:00:44]} Nf6 {[%emt 0:00:06]} 49. Rf7 {[%emt 0:00:26]} Ne8 {[%emt 0:00:45]} 50. Rxh7 {[%emt 0:00:14]} c4 {[%emt 0:00:03]} 51. Rxh6 {[%emt 0:00:51]} cxb3 {[%emt 0:01:48]} 52. axb3 {[%emt 0:00:14]} Nc7 {[%emt 0:00:11]} 53. Ke3 {[%emt 0:00:01]} 1-0

[Event "29th CRO-chT Junior 2020"]
[Site "Cakovec"]
[Date "2020.07.18"]
[Round "9.6"]
[White "Juric, Ester"]
[Black "Ljubicic, Mario"]
[Result "1/2-1/2"]
[WhiteElo "1663"]
[BlackElo "1966"]
[Annotator "NA"]
[PlyCount "71"]
[EventDate "2020.07.14"]
[EventType "team-tourn"]
[EventCountry "CRO"]
[SourceTitle "playchess.com"]
[Source "ChessBase"]
[SourceQuality "1"]
[TimeControl "5400+30"]

1. d4 {[%emt 0:00:30]} Nf6 {[%emt 0:00:30]} 2. c4 {[%emt 0:00:00]} g6 {[%emt 0:00:00]} 3. Nc3 {[%emt 0:00:00]} Bg7 {[%emt 0:00:00]} 4. e4 {[%emt 0:00:00]} d6 {[%emt 0:00:00]} 5. h3 {[%emt 0:00:00]} O-O {[%emt 0:00:00]} 6. Be3 {[%emt 0:00:00]} Na6 {[%emt 0:00:30]} 7. Nf3 {[%emt 0:00:00]} c6 {[%emt 0:00:30] E90: King's Indian: Classical: Early deviations and 6 h3.} 8. Be2 {[%emt 0:01:30] 8.Rc1 is the fancy move.} e5 {[%emt 0:00:30]} 9. d5 {[%emt 0:00:30]} Nh5 {[%emt 0:00:30]} 10. g3 {[%emt 0:02:30]} f5 {[%emt 0:14:30]} (10... cxd5 $11 11. cxd5 (11. Nxd5 Nf6 $11) (11. exd5 Bd7 $11) 11... f5) 11. exf5 {[%emt 0:02:30]} gxf5 {[%emt 0:00:00]} 12. Nxe5 {[%emt 0:33:30]} Nxg3 {[%emt 0:10:00] [#]} 13. fxg3 $146 {[%emt 0:04:30]} ({Predecessor:} 13. Nxc6 Qe8 14. Rg1 bxc6 15. Rxg3 f4 16. Rxg7+ Kxg7 17. Bd4+ Kg8 18. Kd2 Bf5 19. dxc6 Nc5 20. Bf3 Qg6 21. Bd5+ Be6 22. Qf3 Rab8 23. Ne2 Rf5 {½-½ (23) Frank,T (1899)-Bogner,S (2610) London 2018}) 13... Bxe5 {[%emt 0:07:30]} 14. Rg1 {[%emt 0:00:30]} Qf6 {[%emt 0:09:30]} 15. Qb3 {[%emt 0:05:30]} (15. Qd2 $14) 15... Bd4 {[%emt 0:07:30]} 16. Bxd4 {[%emt 0:06:30]} Qxd4 {[%emt 0:00:30]} 17. Rg2 {[%emt 0:00:30]} Re8 {[%emt 0:15:30]} 18. Qd1 {[%emt 0:03:30]} Nb4 {[%emt 0:15:03]} 19. Qxd4 {[%emt 0:01:30]} Nc2+ {[%emt 0:00:07]} 20. Kd2 {[%emt 0:00:30]} Nxd4 {[%emt 0:00:10]} 21. Bh5 {[%emt 0:00:30]} Re5 {[%emt 0:02:16]} 22. Re1 {[%emt 0:01:30]} Bd7 {[%emt 0:03:26]} 23. Ne2 {[%emt 0:02:30]} Rae8 {[%emt 0:09:09]} 24. Nxd4 {[%emt 0:05:30]} Rxe1 {[%emt 0:01:18]} 25. Bxe8 {[%emt 0:00:30]} Rxe8 {[%emt 0:00:11]} 26. dxc6 {[%emt 0:00:30]} bxc6 {[%emt 0:01:34]} 27. Re2 {[%emt 0:03:30]} Rxe2+ {[%emt 0:00:51]} 28. Kxe2 {[%emt 0:00:30]} Kf7 {[%emt 0:00:19]} 29. Ke3 {[%emt 0:00:30]} a6 {[%emt 0:00:59]} 30. b4 $16 {[%emt 0:03:30]} Kf6 {[%emt 0:01:08]} 31. Kf4 {[%emt 0:00:30]} c5 {[%emt 0:00:47]} 32. bxc5 {[%emt 0:00:00]} dxc5 {[%emt 0:00:06]} 33. Nb3 {[%emt 0:00:00]} Be6 {[%emt 0:00:27]} 34. Nxc5 {[%emt 0:00:30]} Bxc4 {[%emt 0:00:02]} 35. a3 {[%emt 0:00:30]} Bb5 {[%emt 0:01:01]} 36. g4 {[%emt 0:08:41]} 1/2-1/2